000 01549nam a2200361Ia 4500
001 ebr10135736
003 CaPaEBR
006 m u
007 cr cn|||||||||
008 030512s2004 nyua sb 001 0 eng d
010 _z 2003053597
020 _z1403982287
020 _z1403960909
040 _aCaPaEBR
_cCaPaEBR
035 _a(OCoLC)560471625
050 1 4 _aLB1044.88
_b.M57 2004eb
082 0 4 _a371.33
_221
245 0 0 _aMissing the meaning
_h[electronic resource] :
_bthe development and use of print and nonprint text materials in diverse school settings /
_cedited by Alan Peacock and Ailie Cleghorn.
250 _a1st ed.
260 _aNew York :
_bPalgrave Macmillan,
_c2004.
300 _axxii, 270 p. :
_bill.
504 _aIncludes bibliographical references and indexes.
533 _aElectronic reproduction.
_bPalo Alto, Calif. :
_cebrary,
_d2011.
_nAvailable via World Wide Web.
_nAccess may be limited to ebrary affiliated libraries.
650 0 _aTeaching
_xAids and devices
_vCross-cultural studies.
650 0 _aScience
_xStudy and teaching (Elementary)
_vCross-cultural studies.
650 0 _aScience
_xTextbooks
_vCross-cultural studies.
650 0 _aScience
_xComputer-assisted instruction
_vCross-cultural studies.
655 7 _aElectronic books.
_2local
700 1 _aPeacock, Alan,
_d1942 June 1-
700 1 _aCleghorn, Ailie,
_d1940-
710 2 _aebrary, Inc.
856 4 0 _uhttp://site.ebrary.com/lib/rucke/Doc?id=10135736
_zAn electronic book accessible through the World Wide Web; click to view
999 _c87027
_d87027